000 00493nam a22001817a 4500
008 151012b xxu||||| |||| 00| 0 eng d
020 _a0870847767
041 0 _aeng
080 _a343
245 0 0 _aReadings in criminal law /
_cRussell L. Weaver ... [et al.].
260 _aCincinnati, Ohio :
_bAnderson Pub. Co.,
_c1998.
300 _axix, 613 f. ;
_c26 cm.
650 0 _aKriminalistika
650 0 _aLigjet
650 0 _aKriminologjia
700 1 _aWeaver, Russell L.,
942 _2udc
_cBK
999 _c1250
_d1250